Misztótfalusi Kis Miklós hollandiai évei (1680-1690)
Elmentve itt :
| Szerző: | |
|---|---|
| Adatforrás: | Meister |
| Forrásdokumentuma: | A Hét. - 27 sz., 1998, 9-10 p. |
| Nyelv: | magyar |
| Kulcsszavak: | művelődéstörténet Erdély MISZTÓTFALUSI KIS Miklós PÁPAI PÁRIZ Ferenc BETHLEN Miklós HERMÁNYI DIENES József SZABÓ Zoltán JAKÓ Zsigmond |
| LEADER | 00592nab a2200205 i 4500 | ||
|---|---|---|---|
| 001 | bibPRO00007539 | ||
| 008 | 060524s1998 xx hun | ||
| 040 | |a Sz1 | ||
| 041 | |a hun | ||
| 100 | 1 | |a VERESS Dániel | |
| 245 | 1 | 0 | |a Misztótfalusi Kis Miklós hollandiai évei (1680-1690) |c VERESS Dániel |
| 695 | |a művelődéstörténet | ||
| 695 | |a Erdély | ||
| 695 | |a MISZTÓTFALUSI KIS Miklós | ||
| 695 | |a PÁPAI PÁRIZ Ferenc | ||
| 695 | |a BETHLEN Miklós | ||
| 695 | |a HERMÁNYI DIENES József | ||
| 695 | |a SZABÓ Zoltán | ||
| 695 | |a JAKÓ Zsigmond | ||
| 773 | 0 | |t A Hét. - |g 27 sz., 1998, 9-10 p. | |